Estabilidad, sensibilidad y antropización de los paisajes de la Reserva de la Biosfera Buenavista, Cuba /

Detalles Bibliográficos
Autor principal: García-Espino, Julio César
Otros Autores: Valdés Fernández, Carlos Lázaro
Formato: Artículo
Lenguaje:Espa�ol
Materias:
Acceso en línea:Sitio de la revista.
Etiquetas: Agregar Etiqueta
Sin Etiquetas, Sea el primero en etiquetar este registro!

MARC

LEADER 00000nab a22000005a 4500
001 AR-BbUGT10159
003 AR-BbUGT
005 20211012094856.0
007 ta
008 200306s2019 cr ab|| |||| 00| 0 spa d
040 |a AR-BbUGT  |b spa  |c AR-BbUGT  |e rca 
041 0 |a spa 
100 1 |a García-Espino, Julio César. 
245 1 0 |a Estabilidad, sensibilidad y antropización de los paisajes de la Reserva de la Biosfera Buenavista, Cuba /   |c Julio César García-Espino, Carlos Lázaro Valdés Fernández. 
300 |a p. 189-213 
520 3 |a La concepción teórico-metodológica empleada en este artículo se fundamenta en la geoecología, disciplina que emplea la concepción sistémica en el estudio de los paisajes. Concebidos, así como un sistema autorregulado, complejo y abierto, en la medida en que experimenta el impacto antropogénico. El trabajo tiene como objetivo realizar el análisis de las diferentes unidades de paisajes de la Reserva de la biosfera Buenavista, con el fin de establecer su estado en cuanto a la estabilidad, la sensibilidad y el grado de antropización. Como primer paso fueron inventariadas y cartografiadas las unidades de paisaje presentes en el área de estudio. Posteriormente, se establecieron los distintos grados de estabilidad natural y tecnogénica, cuyo análisis conjunto permitió determinar los niveles de sensibilidad de los paisajes. Finalmente, se determinan las escalas de naturalidad de las distintas unidades de paisaje, mediante el uso de los índices naturalidad y sinantropismo. 
651 4 |a Cuba  |9 737 
653 |a Reservas de la biosfera  
653 |a Unidades de paisaje 
653 |a Biosfera Buenavista 
700 1 |a Valdés Fernández, Carlos Lázaro. 
773 0 |w AR-BbUGT7170  |t Revista Geográfica de América Central  |x 1011-484X (versión impresa)  |d Heredia : Editorial de la Universidad Nacional, [1974] - .  |g No. 63 (julio - dic. 2019), p. 189-213 
856 4 1 |3 Texto completo.  |u https://doi.org/10.15359/rgac.63-2.7  |y Sitio de la revista. 
942 |2 ddc  |c ARTPP 
999 |c 15929  |d 15929